| 000 | 01139nam a2200277 c 4500 | ||
|---|---|---|---|
| 003 | BLK | ||
| 005 | 20180422120825.0 | ||
| 008 | 180411b bul|||||r ||||||| ||bul|| | ||
| 010 | _aKNG00216587000 | ||
| 040 | _aBLK | ||
| 041 |
_aBUL _cBUL |
||
| 080 |
_aВътрешна търговия. Вж и 347.7 ; 657 ; 658 _b339.3 _x(075.81) _z339.3(075.81) |
||
| 080 |
_a _b658.6/.8 _x(075.81) _z658.6/.8(075.81) |
||
| 100 | 1 |
_aТренева, Мария Петрова _eпърви автор _9368458 |
|
| 139 |
_aТренева, Мария Петрова _bТ 82 |
||
| 245 | 1 | 0 |
_aТехнически прогрес, механизация и автоматизация на търговските процеси _bУчебник за студентите от ВИИ К. Маркс - София _cМария Петрова Тренева. |
| 257 | _aBGR | ||
| 260 |
_аСофия _bНаука и изкуство _c1977 |
||
| 300 |
_a287 с. _bс ил. _c22 см |
||
| 380 | _a3 | ||
| 852 | _aЦб 86424 | ||
| 856 | 4 |
_qpdf _u |
|
| 856 | 4 |
_qpdf _u |
|
| 942 |
_cKNG _n0 |
||
| 944 |
_aCR _c01.03.2018 _kНора_Радева |
||
| 944 |
_aED _c01.03.2018 _kНора_Радева |
||
| 999 |
_c206836 _d206836 |
||